[Event "SVK-chT1W 9798"]
[Site "Slovakia"]
[Date "1998.??.??"]
[Round "?"]
[White "Meszaros, Jozef"]
[Black "Rakay, Kvetoslav"]
[Result "1/2-1/2"]
[WhiteElo "1920"]
[BlackElo "2165"]
[PlyCount "36"]
[EventDate "1997.??.??"]
[EventType "team"]
[EventRounds "11"]
[EventCountry "SVK"]
[SourceTitle "EXT 1999"]
[Source "ChessBase"]
[SourceDate "1998.11.16"]
[SourceVersion "1"]
[SourceVersionDate "1998.11.16"]
[SourceQuality "1"]

1. d4 Nf6 2. Nf3 e6 3. Bf4 d5 4. e3 c5 5. c3 Nc6 6. Bd3 Be7 7. h3 0-0 8. 0-0 b6 9. Nbd2 cxd4 10. exd4 Bb7 11. Re1 h6 12. Qe2 Bd6 13. Bxd6 Qxd6 14. Ne5 Nd7 15. Ndf3 Ndxe5 16. Nxe5 Nxe5 17. Qxe5 Qxe5 18. Rxe5 a5 1/2-1/2